000 01080nam a22002653 4500
001 shovelloom00frie
003 CaSfIA
005 20210119082137.0
007 cr||||
008 080604s1997 xx 000 0 eng d
040 _aYDXCP
_cYDXCP
_dBAKER
_dCaSfIA
020 _a089255231X
020 _a9780892552313
035 _a(OCoLC)230776043
050 _aPT
100 1 _aFriedman, Carl
245 0 0 _aShovel and the loom.
_h[electronic resource]
260 _aNew York :
_bPersea,
_c1997
300 _ap.
_c cm.
856 4 1 _uhttp://www.archive.org/details/shovelloom00frie
_zFree eBook from the Internet Archive
856 4 2 _uhttp://www.openlibrary.org/books/OL24219629M
_zAdditional information and access via Open Library
942 _cEB
506 _fНеобхідна авторизація на https://archive.org/ (створення облікового запису безкоштовно)
506 _fНеобхідна авторизація на https://openlibrary.org/ (створення облікового запису безкоштовно)
999 _c548688
_d548688